GZM - Linia M1 wszystkie przystanki - Statystyki

Ogólne statystyki
  • Ten quiz został rozwiązany 4 razy
  • Średni wynik to 15 z 22
Statystyki odpowiedzi
Lp. Miasto Ulica Przystanek % Poprawnych
1. Gliwice Składowa Gliwice Centrum Przesiadkowe
100%
2. Gliwice Bohaterów Getta Warszawskiego Gliwice Dworzec
100%
6. ↑ Gliwice Bohaterów Getta Warszawskiego Gliwice Plac Piastów
100%
14. ↓ Chorzów Drogowa Trasa Średnicowa Chorzów Racławicka
67%
16. Katowice Chorzowska Dąb Huta Baildon
67%
9. Gliwice Kujawska Gliwice Arena Widowiskowo-Sportowa
67%
3. ↓ Gliwice Dworcowa Gliwice Dworcowa
67%
8. Gliwice KujawskaŁużycka Gliwice Kujawska
67%
5. ↓ Gliwice Łużycka Gliwice Łużycka
67%
7. ↑ Gliwice Wrocławska Gliwice Politechnika
67%
4. ↓ Gliwice Dworcowa Gliwice Strzody
67%
18. ↓ Katowice Al. Wojciecha Korfantego Katowice Aleja Korfantego
67%
17. ↓ Katowice Chorzowska Katowice Chorzowska
67%
WAR Katowice Dworcowa Katowice Dworzec
67%
19. Katowice Adama Mickiewicza Katowice Mickiewicza
67%
WAR ↑ Katowice Plac Wolności Katowice Plac Wolności
67%
WAR Katowice Sokolska Katowice Sokolska
67%
11. Ruda Śląska Aleja Powstań Śląskich Ruda Południowa DTŚ
67%
13. Świętochłowice Drogowa Trasa Średnicowa Świętochłowice Polna
67%
10. Zabrze Al. Świętego Jana Pawła II Zabrze Rondo Sybiraków
67%
15. ↑ Chorzów Drogowa Trasa Średnicowa Chorzów Hala Sportowa
33%
12. Ruda Śląska Piotra NiedurnegoAl. Powstań Śląskich Chebzie Rondo
0%
Nie znaleziono quizów pasujących do podanych kryteriów
Rozkład punktacji
Procent ludzi z każdym wynikiem
Percentyl według liczby udzielonych odpowiedzi
Twoja historia wyników
Nie rozwiązałeś tego quizu